Olympic Country Codes (A-Z) Quiz Stats

Quiz Updated Aug 6, 2012

Also try: Olympics Cities
Challenge
Share
Tweet
Embed
Score 0/24 Timer 03:00
1 Play Today
Code Country % Correct
FINFinland
98.8%
DENDenmark
98.3%
ALBAlbania
97.9%
HUNHungary
97.8%
JAMJamaica
96.9%
ESPSpain
96.2%
UKRUkraine
96.1%
YEMYemen
95%
QATQatar
93.6%
VIEVietnam
92.7%
LTULithuania
92.1%
ZAMZambia
91.4%
Code Country % Correct
SVKSlovakia
91%
BLRBelarus
90%
PANPanama
89.1%
OMAOman
88.8%
RWARwanda
88.3%
TANTanzania
84%
GEOGeorgia
81.3%
CHIChile
78.8%
INAIndonesia
67.2%
NCANicaragua
65.5%
MARMorocco
30%
KSASaudi Arabia
24%

You're not logged in!

Compare scores with friends on all Sporcle quizzes.
Sign Up with Email
OR
Log In

You Might Also Like...

Show Comments

Extras

Top Quizzes Today


Score Distribution

Your Account Isn't Verified!

In order to create a playlist on Sporcle, you need to verify the email address you used during registration. Go to your Sporcle Settings to finish the process.